书目信息 |
| 题名: |
电视原理与电视机检修
|
|
| 作者: | 庄月恒 , 阴家龙 编著 | |
| 分册: | ||
| 出版信息: | 西安 西安电子科技大学出版社 2005.02 |
|
| 页数: | 199页 | |
| 开本: | 26cm | |
| 丛书名: | 高职高专系列规划教材 | |
| 单 册: | ||
| 中图分类: | TN948.55 | |
| 科图分类: | ||
| 主题词: | 电视接收机--检修--高等学校--技术学校--教材 , 电视接收机--理论--高等学校--技术学校--教材 | |
| 电子资源: | ||
| ISBN: | 7-5606-1486-8 | |
| 000 | 00950nam 2200277 450 | |
| 001 | 0149262171 | |
| 005 | 20050712173506.51 | |
| 010 | @a7-5606-1486-8@d16.00CNY | |
| 100 | @a20050504d2005 km y0chiy0120 ea | |
| 101 | 0 | @achi |
| 102 | @aCN@b110000 | |
| 105 | @aa a 000yy | |
| 200 | 1 | @a电视原理与电视机检修@Adian shi yuan li yu dian shi ji jian xiu@f庄月恒, 阴家龙编著@Fzhuang yue heng,yin jia long bian zhu |
| 210 | @a西安@c西安电子科技大学出版社@d2005.02 | |
| 215 | @a199页@c图@d26cm | |
| 225 | 2 | @a高职高专系列规划教材 |
| 320 | @a有书目。 | |
| 330 | @a本书系统地讲述了电视机的工作原理以及检修方法。 | |
| 410 | 0 | @12001 @a高职高专系列规划教材 |
| 606 | 0 | @a电视接收机@x检修@x高等学校@x技术学校@x教材 |
| 606 | 0 | @a电视接收机@x理论@x高等学校@x技术学校@x教材 |
| 690 | @aTN948.55@v4 | |
| 701 | 0 | @a庄月恒@Azhuang yue heng@4编著 |
| 701 | 0 | @a阴家龙@Ayin jia long@4编著 |
| 801 | 0 | @aCN@bQSSK@c20050712 |
| 905 | @a10447@dTN948.55@eZ930 | |
| 电视原理与电视机检修/庄月恒, 阴家龙编著.-西安:西安电子科技大学出版社,2005.02 |
| 199页:图;26cm.-(高职高专系列规划教材) |
| ISBN 7-5606-1486-8:16.00CNY |
| 本书系统地讲述了电视机的工作原理以及检修方法。 |
| ● |
| 相关链接 |
|
|
|
正题名:电视原理与电视机检修
索取号:TN948.55/Z930
 
预约/预借
| 序号 | 登录号 | 条形码 | 馆藏地/架位号 | 状态 | 备注 |
| 1 | 524454 | 205244546 | 自科库301/301自科库 100排6列2层/ [索取号:TN948.55/Z930] | 在馆 | |
| 2 | 524455 | 205244555 | 自科二线404/404自科库 24排2列6层/ [索取号:TN948.55/Z930] | 在馆 | |
| 3 | 524456 | 205244564 | 自科库301/301自科库 100排6列2层/ [索取号:TN948.55/Z930] | 在馆 |